• 首页
  • 本馆介绍
  • 公告通知
  • 最新文献
  • 馆藏检索
  • 电子资源
  • 读者导购
  • 参考咨询
  • 我的图书馆
  • 登录
  • 详细信息显示
  • 放入我的书架
  • 预约/预借图书
  • 作者相关作品
  • 分类相关作品
  • 丛书相关作品
  • 出版社相关作品

书目信息

  • 表格格式
  • 工作单格式
  • 卡片格式
题名:
加缪和萨特
    
 
作者: 阿隆森 著 ;章乐天 译
分册:  
出版信息: 上海   华东师范大学出版社  2005
页数: 10,344页
开本: 21cm
丛书名: 好看的学术译丛
单 册:
中图分类: B565.5
科图分类:
主题词: 哲学思想
电子资源:
ISBN: 7-5617-4232-0
000 01207oam2 2200313 450
001 002925451
005 20061107094239.87
010    @a7-5617-4232-0@dCNY24.80
100    @a20050615d2005 em y0chiy0110 ea
101 1  @achi@ceng
102    @aCN@b310000
105    @ay z 000yd
200 1  @a加缪和萨特@9jia miu he sa te@e一段传奇友谊及其崩解@f(美)罗纳德·阿隆森(Ronald Aronson)著@g章乐天译
210    @a上海@c华东师范大学出版社@d2005
215    @a10,344页@d21cm
225 2  @a好看的学术译丛@e枕边的人文情怀
330    @a本书从加缪、萨特二人的友谊开始,因思想分歧而争吵,他们相互间的影响 ,缓和终而走向充满敌意互相仇视。
461  0 @12001 @a好看的学术译丛
517 1  @a一段传奇友谊及其崩解@9yi duan chuan qi you yi ji qi beng jie
600  0 @a加缪@c(Camus, Albert@f1913~1960)@x哲学思想@x思想评论
600  0 @a加缪@c(Camus, Albert@f1913~1960)
600  0 @a萨特@c(Sartre, Jean-Paul@f1905~1980)
600  0 @a萨特@c(Sartre, Jean-Paul@f1905~1980)@x哲学思想@x思想评论
606 0  @a哲学思想
690    @aB565.5@v4
701  0 @c(美)@a阿隆森@9a long sen@c(Aronson, Ronald)@4著
702  0 @a章乐天@9zhang le tian@f(1979~)@4译
801  0 @aCN@bNLC@c20061107
905    @a10447@dB565.5@e41
    
    加缪和萨特:一段传奇友谊及其崩解/(美)罗纳德·阿隆森(Ronald Aronson)著/章乐天译.-上海:华东师范大学出版社,2005
    10,344页;21cm.-(好看的学术译丛:枕边的人文情怀)
    
    
    ISBN 7-5617-4232-0:CNY24.80
    本书从加缪、萨特二人的友谊开始,因思想分歧而争吵,他们相互间的影响 ,缓和终而走向充满敌意互相仇视。
●
相关链接 在E读中查询图书 在五车中查询图书 在当当中查询图书 在豆瓣中查询图书


正题名:加缪和萨特     索取号:B565.5/41         预约/预借

序号 登录号 条形码 馆藏地/架位号 状态 备注
1 0382470   203824709   第一样本阅览室/ [索取号:B565.5/41] 在馆    
2 0382471   203824718   第一借阅区/ [索取号:B565.5/41] 在馆    
3 0382472   203824727   第一借阅区/ [索取号:B565.5/41] 在馆    
唐山师范学院图书馆 欢迎您!
大连网信软件有限公司© 版权所有